Retrouvez ces jeux vidéo grâce à leur antagoniste (méchant). - Statistiques

Statistiques générales
  • Ce quiz a été pris 380 fois
  • Le résultat moyen est 7 sur 10
Statistiques - réponses
Par images Réponse % Correct
Super Mario
100%
Sonic the Hedgehog
97%
The Legend of Zelda
85%
Portal
68%
Far Cry 3
66%
Cuphead: 'Don't Deal With the Devil'
62%
Donkey Kong
58%
Final fantasy VII
58%
Undertale
55%
Metroid
47%
Aucun quiz correspondant
Distribution des résultats
% des personnes avec chaque résultat
Percentile par nombre de réponses
Votre historique - résultats
Vous n’avez pas pris ce quiz